000 007120000a22001930004500
999 _c54234
_d54234
001 768714001
003 CO-MdFUSB
005 20170819124411.0
008 170819s2001 xxu||||| |||| 00| 0 eng d
022 _a0098-9444
040 _aCO-MdFUSB
_bspa
_cCO-MdFUSB
_dCO-MdFUSB
041 _aeng
100 1 _aKitchen, Kenneth A. (Anderson)
_eautor
245 1 0 _aHow we know when Solomon ruled :
_bSynchronisms with Egyptian and Assyrian rulers hold the key to dates of Israelite kings
300 _aVolumen 27. Número 4 (2001), Páginas 32-37
_c28 cm.
546 _aTexto en inglés
773 0 _tBiblical Archaeology Review
_049395
_959466
_gVolumen 27. Número 4 (2001), Páginas 32-37
_qPágina 32
942 _cANA